Skip to main content
Your cart is empty.
Your lists
Log in to create your own lists
Your cookies
العربية
English
العربية
Home
Search
Advanced search
Authority search
About
The noble scholar, jurist, historian
His Excellency Dr. Abdul Wahhab bin Ibrahim Abu Sulaiman, may Allah have mercy on him.
He was born in Umm Al-Qura in the year 1356 AH.
Library catalog
Title
Author
Subject
ISBN
ISSN
Series
Call number
Log in to your account
×
Login:
Password:
Home
MARC view: الفتاوى الشرعية /
Normal view
MARC view
ISBD view
الفتاوى الشرعية / (Record no. 14244)
[
view plain
]
MARC details
000 -LEADER
fixed length control field
01254caa a22002651ib4500
003 - CONTROL NUMBER IDENTIFIER
control field
SA-RiAUC
005 - DATE AND TIME OF LATEST TRANSACTION
control field
20260204142133.0
008 - FIXED-LENGTH DATA ELEMENTS--GENERAL INFORMATION
fixed length control field
260203s2002 ku g b f000 0 ara c
040 ## - CATALOGING SOURCE
Original cataloging agency
SA-JeALM
Language of cataloging
ara
Transcribing agency
SA-RiAUC.
Description conventions
rda
050 #4 - LIBRARY OF CONGRESS CALL NUMBER
Item number
.S53 2002
082 04 - DEWEY DECIMAL CLASSIFICATION NUMBER
Classification number
259
Assigning agency
SA-RiAUC
090 ## - LOCALLY ASSIGNED LC-TYPE CALL NUMBER (OCLC); LOCAL CALL NUMBER (RLIN)
Classification number (OCLC) (R) ; Classification number, CALL (RLIN) (NR)
259
Local cutter number (OCLC) ; Book number/undivided call number, CALL (RLIN)
ش ر ك
110 2# - MAIN ENTRY--CORPORATE NAME
Corporate name or jurisdiction name as entry element
شركة أعيان للإجارة والاستثمار (الكويت).
Subordinate unit
هيئة الفتوى والرقابة الشرعية
Relator term
مؤلف.
245 12 - TITLE STATEMENT
Title
الفتاوى الشرعية /
Statement of responsibility, etc.
هيئة الفتوى والرقابة الشرعية، شركة أعيان للإجارة والاستثمار.
264 ## - PRODUCTION, PUBLICATION, DISTRIBUTION, MANUFACTURE, AND COPYRIGHT NOTICE
Place of production, publication, distribution, manufacture
الكويت :
Name of producer, publisher, distributor, manufacturer
شركة أعيان للإجارة والإستثمار.
Date of production, publication, distribution, manufacture, or copyright notice
( 2002 )
300 ## - PHYSICAL DESCRIPTION
Extent
مجلد ؛
Dimensions
24 سم
336 ## - CONTENT TYPE
Content type term
نص
Content type code
txt
Source
rdacontent
Materials specified
كتاب
337 ## - MEDIA TYPE
Media type term
بدون وسيط
Media type code
n
Source
rdamedia
504 ## - BIBLIOGRAPHY, ETC. NOTE
Bibliography, etc. note
يشتمل على إرجاعات ببليوجرافية.
580 ## - LINKING ENTRY COMPLEXITY NOTE
Linking entry complexity note
في : الفتاوى الشرعية. -الكويت : شركة أعيان للإجارة والاستثمار، 2002. -ج. 1.
650 #7 - SUBJECT ADDED ENTRY--TOPICAL TERM
Topical term or geographic name entry element
الفقه الإسلامي
Source of heading or term
aucsh
650 #7 - SUBJECT ADDED ENTRY--TOPICAL TERM
Topical term or geographic name entry element
المعاملات (فقه إسلامي)
Source of heading or term
aucsh
942 ## - ADDED ENTRY ELEMENTS (KOHA)
Source of classification or shelving scheme
Dewey Decimal Classification
Koha item type
Books
Suppress in OPAC
No
949 ## - LOCAL PROCESSING INFORMATION (OCLC)
a
SA-JeALM
d
260203
u
osman123
n
1
Holdings
Withdrawn status
Lost status
Source of classification or shelving scheme
Materials specified (bound volume or other part)
Damaged status
Not for loan
Home library
Current library
Date acquired
Total checkouts
Full call number
Barcode
Date last seen
Price effective from
Koha item type
Dewey Decimal Classification
الكتاب الاول
DR AbdElwahab Library
DR AbdElwahab Library
02/04/2026
259 ش ر ك
000002287
02/04/2026
02/04/2026
Books
Place hold
Print
Add to your cart
(remove)
Save record
BIBTEX
Dublin Core
MARCXML
MARC (non-Unicode/MARC-8)
MARC (Unicode/UTF-8)
MARC (Unicode/UTF-8, Standard)
MODS (XML)
RIS
ISBD
More searches
Search for this title in:
Other Libraries (WorldCat)
Other Databases (Google Scholar)
Online Stores (Bookfinder.com)
Open Library (openlibrary.org)
Exporting to Dublin Core...
×
Simple DC-RDF
OAI-DC
SRW-DC